000 01448nam a2200325Ia 4500
001 26289
003 IT-RoPAU
008 130308s9999 xx 000 0 und d
040 _aIT-RoPAU
040 _cIT-RoPAU
041 _aITALIANO
100 _aGrout Jay Donald
100 _gCodice Aut. SPICS: 10972
240 _aA SHORT HISTORY OF OPERA
240 _gCodice Tit. Orig. Spics: T0445
245 _aBreve storia dell'opera (Rusconi 1985)
245 _bBreve storia dell'Opera (Rusconi 1985)
250 _a1a ed.
260 _aMILANO
260 _bRusconi
260 _c1985 [1° Ed.:1985 - Ed.Ling.Originale:1947]
300 _a"782 p. (prefazione: no ; testo: 782)"
500 _aTeatro lirico dei greci Teatro Musicale nel Medioevo dramma Liturgico misteri Balletto Madrigale Camerata fiorentina Recitativo Monodico Orfeo di Monteverdi Opere italiane di Corte nel Seicento Opera Italiana tedesca Ingleselully e L'Opera in Francia Maestri del Primo Settecento Keiser Handel Rameau Scarlatti Opera Seria Opere di Gluck Opera comica nel Settecento Mozart Il grand Opera Opera comique Operetta Opera Lirique Giuseppe Verdi Opera romantica in Germania Wagner Scuole nazionali dell'Opera Impressionismo e Teatro Francese Tradizione e rinnovamento nel Novecento indicazioni Bibliografiche
650 _aGENERI MUSICALI
650 _eCodice materia Spics: 7010
942 _cBK
957 _71
999 _c74156
_d74156
999 _bSI
999 _g1